| 000 | 005950000a22002290004500 | ||
|---|---|---|---|
| 999 |
_c3870 _d3870 |
||
| 003 | LSTLib | ||
| 008 | 230518b ||||| |||| 00| 0 eng d | ||
| 020 | _aNot given | ||
| 041 | _aeng | ||
| 082 | _a340.5 LEE | ||
| 100 |
_aLee, R.W. _91484 |
||
| 245 | _aAn Introduction to Roman-Dutch Law | ||
| 250 | _a4th Ed. | ||
| 260 |
_aLondon _bOxford University Press _c1946 |
||
| 300 | _a475 p. | ||
| 650 |
_aLaw _9728 |
||
| 650 |
_aobligations _91481 |
||
| 650 |
_apersons _91482 |
||
| 650 |
_aproperty _9829 |
||
| 650 |
_asuccession _91483 |
||
| 942 |
_cBC _k340.5 _mLEE _2ddc |
||